000 00286nam a22001337a 4500
008 170621b xxu||||| |||| 00| 0 eng d
020 _a9780231120593
041 _aeng
080 _a32
100 _a20
101 _aSHP
245 _aTHE GREAT DIVION
_cLAYMAN.G
942 _2udc
_cBK
999 _c18549
_d18549